| 000 | 01312nam0a2200337 4500 | ||
|---|---|---|---|
| 001 | RU\NLR\BIBL_A\022580796 | ||
| 005 | 20260420050501.0 | ||
| 010 |
_a978-5-17-173890-7 _92000 |
||
| 021 |
_aRU _bКН-П-25-027726 _9КН-П-25-2747 |
||
| 035 | _a(NLR Aleph) 022580796 | ||
| 090 |
_a13677105 _c13677105 |
||
| 100 | _a20250704d2025 u y0rusy50 ca | ||
| 101 | 0 | _arus | |
| 102 | _aRU | ||
| 105 | _aac z 000zy | ||
| 181 | 0 |
_ai3 _baxxe |
|
| 182 | 0 | _an | |
| 200 | 1 |
_aЮвелирное бисероплетение _eудивительные украшения из бисера в разных техниках _fСофья Замышляева |
|
| 203 |
_aТекст _bвизуальный _cнепосредственный |
||
| 210 |
_aМосква _cАСТ, Кладезь _d2025 |
||
| 215 |
_a125, [2] с. _cцв. ил., цв. портр. _d26 |
||
| 225 | 1 | _aТренды рукоделия | |
| 300 | _aКн. содержит QR-коды со ссылками на доп. материалы | ||
| 333 | _a12+ | ||
| 606 | 1 |
_aУкрашения из бисера _92097511 _3RU\NLR\AUTH\661268949 |
|
| 686 | 1 | _aМ484 | |
| 700 | 1 |
_aЗамышляева _bС. С. _gСофья Сергеевна |
|
| 942 | _cBOOK | ||
| 980 | _aNB | ||